| 000 | 01107nam a2200277Ia 4500 | ||
|---|---|---|---|
| 001 | ebr5003635 | ||
| 003 | CaPaEBR | ||
| 006 | m u | ||
| 007 | cr cn||||||||| | ||
| 008 | 680301s2001 cau s 000 0 eng d | ||
| 010 | _z 68000770 | ||
| 020 | _z1589760964 | ||
| 040 |
_aCaPaEBR _cCaPaEBR |
||
| 035 | _a(OCoLC)179092606 | ||
| 050 | 1 | 4 |
_aF931 _b.L97 2001eb |
| 100 | 1 |
_aLynch, Jeremiah, _d1849-1917. |
|
| 245 | 1 | 0 |
_aThree years in the Klondike _h[electronic resource] : _ba gold miner's Life in Dawson City, 1898-1901 / _cby Jeremiah Lynch. |
| 260 |
_aSanta Barbara, Calif. : _bNarrative Press, _c2001. |
||
| 300 | _a245 p. | ||
| 533 |
_aElectronic reproduction. _bPalo Alto, Calif. : _cebrary, _d2009. _nAvailable via World Wide Web. _nAccess may be limited to ebrary affiliated libraries. |
||
| 650 | 0 | _aGold mines and mining. | |
| 651 | 0 |
_aKlondike River Valley (Yukon) _xGold discoveries. |
|
| 655 | 7 |
_aElectronic books. _2local |
|
| 710 | 2 | _aebrary, Inc. | |
| 856 | 4 | 0 |
_uhttp://site.ebrary.com/lib/rucke/Doc?id=5003635 _zAn electronic book accessible through the World Wide Web; click to view |
| 999 |
_c223 _d223 |
||